000 01746nam0a2200313 i 4500
001 RU\NLR\bibl\2012936
005 20240921184554.0
021 _aRU
_b2013-14351
_91020
035 _a(NLR Aleph) 002001422
090 _a4364671
_c4364671
100 _a20130319d2012 u y0rusy50 ca
101 0 _arus
102 _aRU
105 _aa |||||||||
200 1 _aПодготовка к итоговому междисциплинарному экзамену
_eучебное пособие
_e[по специальности 080502 "Экономика и управление на предприятии (по отраслям)"]
_fЕ. Л. Дугина, Е. В. Доржиева, С. И. Борталевич [и др.]
_gМ-во образования и науки Рос. Федерации, Федер. гос. бюджет. образоват. учреждение высш. проф. образования "Вост.-Сиб. гос. ун-т технологий и упр." (ФГБОУ ВПО ВСГУТУ)
210 _aУлан-Удэ
_cИзд-во ВСГУТУ
_d2012
215 _a254, [1] с.
_cил.
_d20
320 _aБиблиогр. в конце кн.
606 1 _aПредприятия
_jУчебные издания
_xЭкономика
_xЭкзамены
_xВысшая школа
_92155127
_3RU\NLR\auth\661602202
686 _aЧ486.96-285я7
701 1 _aДугина
_bЕ. Л.
_gЕвдокия Лазаревна
_4070
701 1 _aДоржиева
_bЕ. В.
_gЕлена Викторовна
_4070
701 1 _aБорталевич
_bС. И.
_gСветлана Ивановна
_4070
801 0 _aRU
_bNLR
_c20130319
_gRCR
801 1 _aRU
_bNLR
_c20130319
942 _cBOOK
980 _aNBR